LIBRARY ONLINE CATALOGUE

The God chasers : (Record no. 4985)

MARC details
000 -LEADER
fixed length control field 00658nam a22002172 4500
001 - CONTROL NUMBER
control field 0000000934
005 - DATE AND TIME OF LATEST TRANSACTION
control field 20151217151801.0
008 - FIXED-LENGTH DATA ELEMENTS--GENERAL INFORMATION
fixed length control field 070222s xx 000 0 eng d
020 ## - INTERNATIONAL STANDARD BOOK NUMBER
International Standard Book Number 0768420164 :
Terms of availability KES 1,010
040 ## - CATALOGING SOURCE
Original cataloging agency KABU
Transcribing agency KABU
050 #0 - LIBRARY OF CONGRESS CALL NUMBER
Classification number BT98
Item number .T46 1998
100 1# - MAIN ENTRY--PERSONAL NAME
Personal name Tenney, Tommy.
-- 0000149378
245 14 - TITLE STATEMENT
Title The God chasers :
Remainder of title my soul follows hard after thee /
Statement of responsibility, etc. Tommy Tenney.
260 ## - PUBLICATION, DISTRIBUTION, ETC. (IMPRINT)
Place of publication, distribution, etc. Shippensburg, PA. :
Name of publisher, distributor, etc. Destiny Image,
Date of publication, distribution, etc. c1998.
300 ## - PHYSICAL DESCRIPTION
Extent 152 p. ;
Dimensions 23 cm.
650 #0 - SUBJECT ADDED ENTRY--TOPICAL TERM
Topical term or geographic name as entry element God
General subdivision Knowableness.
-- 0000149379
650 #0 - SUBJECT ADDED ENTRY--TOPICAL TERM
Topical term or geographic name as entry element Spirituality.
-- 0000149380
908 ## - PUT COMMAND PARAMETER (RLIN)
Put command parameter 070222
950 ## - LOCAL HOLDINGS (RLIN)
-- 1
Holdings
Withdrawn status Lost status Source of classification or shelving scheme Not for loan Home library Current library Date acquired Total Checkouts Full call number Date last seen Price effective from Koha item type
    Library of Congress Classification   Kabarak, Main Campus Kabarak, Main Campus 17/12/2015   BT98 .T46 1998 c. 1 17/12/2015 17/12/2015 General Collection